| 000 | 00557cam a2200217 a 4500 | ||
|---|---|---|---|
| 001 | 3751841 | ||
| 005 | 20180109070514.0 | ||
| 008 | 821208s1983 maua 000 0 eng | ||
| 010 | _a 82022580 | ||
| 020 | _a0883772701 (pbk.) | ||
| 040 |
_aDLC _cDLC _dDLC |
||
| 041 | _aeng | ||
| 042 | _alcac | ||
| 080 | _a428.64 | ||
| 082 | 0 | 0 |
_a428.64 MAR _219 |
| 100 | 1 | _a46 | |
| 101 | _aEDU | ||
| 245 | 1 | 0 |
_aDeveloping reading skills : _cLinda Markstein, Louise Hirasawa. |
| 906 |
_a7 _bcbc _corignew _d1 _eocip _f19 _gy-gencatlg |
||
| 942 |
_2ddc _cBK |
||
| 999 |
_c39888 _d39888 |
||